header

The letters of Jerome (Record no. 980)

MARC details
000 -LEADER
fixed length control field 02685nam a2200373 a 4500
082 04 - DEWEY DECIMAL CLASSIFICATION NUMBER
Classification number 270.2092
100 1# - MAIN ENTRY--AUTHOR NAME
Personal name Cain, Andrew.
245 14 - TITLE STATEMENT
Title The letters of Jerome
260 ## - PUBLICATION, DISTRIBUTION, ETC. (IMPRINT)
Place of publication Oxford ;
-- New York :
Name of publisher Oxford University Press,
Year of publication 2009.
300 ## - PHYSICAL DESCRIPTION
Number of Pages xiv, 286 p.
490 1# - SERIES STATEMENT
Series statement Oxford early Christian studies
505 0# - FORMATTED CONTENTS NOTE
Formatted contents note Introduction -- 'The voice of one calling in the desert' -- Epistularum ad diversos liber : structure and contents -- Hieronymus eremita : the textualized 'saint' -- Rhetoric and reproach -- An ascetic conversion story in letters -- Introducing ... Jerome -- A pope and his scholar -- Jerome on Damasus on Jerome : revisionist reminiscences --The great commission --The correspondence : 'Hebrew verity' and Ambrosiaster -- Claiming Marcella -- Ad Marcellam epistularum liber : structure and contents -- Hagiography, hermeneutics, Hebrew, and heretics -- Sealing a spiritual and scholarly legacy -- Expulsion from Rome -- Theological controversy -- The gathering storm : Blesilla's death -- The beginning of the end -- The 'disgrace of a false charge' -- Paula's seducer? -- The case against Jerome : trial and conviction -- Exile of a prophet -- The embattled ascetic saga -- Jerome's personal, theological, and ecclesiastical profiles -- Jerome's spiritual advice -- Legitimization -- The exegetical letters -- Remembering Fabiola, defending Hebrew verity -- From Bethlehem to the furthest reaches of Gaul -- Ep . 120 to Hedibia (Bordeaux) -- Ep . 121 to Algasia (Cahors?) -- Cultivated image.
650 #0 - SUBJECT ADDED ENTRY--TOPICAL TERM
Topical Term Christian saints
856 40 - ELECTRONIC LOCATION AND ACCESS
Uniform Resource Identifier http://site.ebrary.com/lib/rucke/Doc?id=10288302

No items available.

© 2026 Rongo University
Contact us: librarian | system librarian | Rongo university